000
00362nam a22001217a 4500
003
SGT
082
_a
080
_b
B84D
100
_a
देसाई, जियाउद्दीन ए.
245
_a
भारत की मस्जिदे
260
_b
सुचना और प्रसारण मंत्रालय
_c
1984
300
_a
35
942
_2
ddc
_c
BK
999
_c
31509
_d
31509